Der goldne Topf: ein Märchen aus der neuen Zeit. (Record no. 5765)

MARC details
000 -LEADER
fixed length control field 00712cam a22002291 4500
001 - CONTROL NUMBER
control field af 48003767
003 - CONTROL NUMBER IDENTIFIER
control field DLC
005 - DATE AND TIME OF LATEST TRANSACTION
control field 20260227110904.0
008 - FIXED-LENGTH DATA ELEMENTS--GENERAL INFORMATION
fixed length control field 880615s1942 gw 000 0 ger c
010 ## - LIBRARY OF CONGRESS CONTROL NUMBER
LC control number af 48003767
035 ## - SYSTEM CONTROL NUMBER
System control number (OCoLC)18095609
040 ## - CATALOGING SOURCE
Original cataloging agency Yale Univ. Library
Transcribing agency MU
Modifying agency DLC
042 ## - AUTHENTICATION CODE
Authentication code premarc
050 00 - LIBRARY OF CONGRESS CALL NUMBER
Classification number PT2360.G6
Item number G4
082 ## - DEWEY DECIMAL CLASSIFICATION NUMBER
Classification number 833.69
100 1# - MAIN ENTRY--PERSONAL NAME
Personal name Hoffmann, E. T. A.
Fuller form of name (Ernst Theodor Amadeus),
Dates associated with a name 1776-1822.
245 14 - TITLE STATEMENT
Title Der goldne Topf: ein Märchen aus der neuen Zeit.
Statement of responsibility, etc. [Hrsg. von Alred Gerz]
260 ## - PUBLICATION, DISTRIBUTION, ETC.
Place of publication, distribution, etc. Potsdam,
Name of publisher, distributor, etc. Rütten Loening
Date of publication, distribution, etc. [1942]
300 ## - PHYSICAL DESCRIPTION
Extent 126 p.
Dimensions 20 cm.
490 0# - SERIES STATEMENT
Series statement Trösteinsamkeit; ein Sammlung deutscher Meisterzählungen
700 1# - ADDED ENTRY--PERSONAL NAME
Personal name Gerz, Alfred,
Relator term ed.

No items available.

Powered by Koha